[Event "Lille Luce op 1st"]
[Site "Lille"]
[Date "2010.04.05"]
[Round "3"]
[White "Debevere, Francois Xavier"]
[Black "Cirrincione, Giansalvo"]
[Result "1-0"]
[WhiteElo "1729"]
[BlackElo "1943"]
[PlyCount "33"]
[EventDate "2010.04.03"]
[EventType "swiss"]
[EventRounds "9"]
[EventCountry "FRA"]
[SourceTitle "EXT 2011"]
[Source "ChessBase"]
[SourceDate "2010.11.26"]
[SourceVersion "1"]
[SourceVersionDate "2010.11.26"]
[SourceQuality "1"]

1. e4 c5 2. Nf3 g6 3. d4 cxd4 4. Qxd4 Nf6 5. e5 Nc6 6. Qc4 d5 7. exd6 Qxd6 8. Nc3 a6 9. Bf4 Qb4 10. Ne5 Qxc4 11. Bxc4 Nxe5 12. Bxe5 Rg8 13. Bxf6 exf6 14. Nd5 Kd8 15. Nxf6 Rg7 16. 0-0-0+ Ke7 17. Nd5+ 1-0